Top 10 Joueurs de tennis australiens ATP depuis 1990 - Statistiques

Statistiques générales
  • Ce quiz a été pris 36 fois
  • Le résultat moyen est 4 sur 10
Statistiques - réponses
Points Jetpunk Joueur % Correct
250 Lleyton HEWITT
90%
59 Nick KYRGIOS
86%
80 Alex DE MINAUR
76%
142 Patrick RAFTER
62%
88 Mark PHILIPPOUSSIS
41%
22 Bernard TOMIC
28%
24 Todd WOODBRIDGE
17%
24 Mark WOODFORDE
10%
28 Jason STOLTENBERG
7%
19 Richard FROMBERG
7%
Aucun quiz correspondant
Distribution des résultats
% des personnes avec chaque résultat
Percentile par nombre de réponses
Votre historique - résultats
Vous n’avez pas pris ce quiz